000 00271nam a2200097Ia 4500
001 1099391
005 20250827003132.0
008 250824s9999 xx 000 0 und d
245 0 _aHERŞEY HAKİKATI GÖRMEKLE BAŞLAR
_cBÜLENT GARDİYANOĞLU
260 _bDESTEK YAYINLARI
999 _c1099391
_d1099391